| 000 | 00602nam a2200241 a 4500 | ||
|---|---|---|---|
| 999 |
_c4738 _d4738 |
||
| 001 | 4738 | ||
| 003 | BD-JhCC | ||
| 005 | 20171130193951.0 | ||
| 008 | 171130s19291966e b|||| || | 001 0 eng d | ||
| 035 | _a(BD-JhCC)4738 | ||
| 040 |
_aBD-JhCC _dBD-JhCC |
||
| 041 | _aeng | ||
| 082 |
_a910 _bSTA 1966 |
||
| 100 | _aStamp, Sir Dudley | ||
| 245 |
_aThe World : _bA General Geography / _cSir Dudley Stamp, |
||
| 250 | _a8th Ed. | ||
| 260 |
_aLondon : _bLongmans, _c1966. |
||
| 300 |
_a669 p. : _bmap. ; _c18 cm. |
||
| 504 | _aIncludes Index | ||
| 650 | _aGeography | ||
| 942 |
_2ddc _cBK |
||